<?xml version="1.0" encoding="UTF-8"?>
<collection xmlns="http://www.loc.gov/MARC21/slim">
 <record>
  <leader>05907cam a2201009   4500</leader>
  <controlfield tag="001">276968220</controlfield>
  <controlfield tag="003">DE-627</controlfield>
  <controlfield tag="005">20240323183747.0</controlfield>
  <controlfield tag="007">tu</controlfield>
  <controlfield tag="008">920207s1991    gw |||||      00| ||ger c</controlfield>
  <datafield tag="015" ind1=" " ind2=" ">
   <subfield code="a">91,N51,0486</subfield>
   <subfield code="2">dnb</subfield>
  </datafield>
  <datafield tag="015" ind1=" " ind2=" ">
   <subfield code="a">92,A15,0931</subfield>
   <subfield code="2">dnb</subfield>
  </datafield>
  <datafield tag="016" ind1="7" ind2=" ">
   <subfield code="a">920048765</subfield>
   <subfield code="2">DE-101</subfield>
  </datafield>
  <datafield tag="020" ind1=" " ind2=" ">
   <subfield code="a">3922561977</subfield>
   <subfield code="9">3-922561-97-7</subfield>
  </datafield>
  <datafield tag="035" ind1=" " ind2=" ">
   <subfield code="a">(DE-627)276968220</subfield>
  </datafield>
  <datafield tag="035" ind1=" " ind2=" ">
   <subfield code="a">(DE-576)02722502X</subfield>
  </datafield>
  <datafield tag="035" ind1=" " ind2=" ">
   <subfield code="a">(DE-599)GBV276968220</subfield>
  </datafield>
  <datafield tag="035" ind1=" " ind2=" ">
   <subfield code="a">(OCoLC)214308746</subfield>
  </datafield>
  <datafield tag="035" ind1=" " ind2=" ">
   <subfield code="a">(OCoLC)26193963</subfield>
  </datafield>
  <datafield tag="035" ind1=" " ind2=" ">
   <subfield code="a">(OCoLC)311499669</subfield>
  </datafield>
  <datafield tag="035" ind1=" " ind2=" ">
   <subfield code="a">(DE-615)00282826</subfield>
  </datafield>
  <datafield tag="040" ind1=" " ind2=" ">
   <subfield code="a">DE-627</subfield>
   <subfield code="b">ger</subfield>
   <subfield code="c">DE-627</subfield>
   <subfield code="e">rakwb</subfield>
  </datafield>
  <datafield tag="041" ind1=" " ind2=" ">
   <subfield code="a">ger</subfield>
  </datafield>
  <datafield tag="044" ind1=" " ind2=" ">
   <subfield code="c">XA-DE</subfield>
  </datafield>
  <datafield tag="050" ind1=" " ind2="0">
   <subfield code="a">NC1495</subfield>
  </datafield>
  <datafield tag="082" ind1="0" ind2=" ">
   <subfield code="a">320.09</subfield>
  </datafield>
  <datafield tag="082" ind1="0" ind2=" ">
   <subfield code="a">0903</subfield>
  </datafield>
  <datafield tag="082" ind1="0" ind2=" ">
   <subfield code="a">0904</subfield>
  </datafield>
  <datafield tag="082" ind1="0" ind2=" ">
   <subfield code="a">944</subfield>
  </datafield>
  <datafield tag="082" ind1="0" ind2=" ">
   <subfield code="a">741.5944</subfield>
   <subfield code="q">OCLC</subfield>
  </datafield>
  <datafield tag="084" ind1=" " ind2=" ">
   <subfield code="a">46</subfield>
   <subfield code="a">63</subfield>
   <subfield code="2">sdnb</subfield>
  </datafield>
  <datafield tag="084" ind1=" " ind2=" ">
   <subfield code="a">RA04.06</subfield>
   <subfield code="2">fivr</subfield>
  </datafield>
  <datafield tag="084" ind1=" " ind2=" ">
   <subfield code="a">SA02</subfield>
   <subfield code="2">fivs</subfield>
  </datafield>
  <datafield tag="084" ind1=" " ind2=" ">
   <subfield code="a">9,10</subfield>
   <subfield code="2">ssgn</subfield>
  </datafield>
  <datafield tag="084" ind1=" " ind2=" ">
   <subfield code="a">LM 85420</subfield>
   <subfield code="2">rvk</subfield>
   <subfield code="0">(DE-625)rvk/101558:</subfield>
  </datafield>
  <datafield tag="084" ind1=" " ind2=" ">
   <subfield code="a">NP 5620</subfield>
   <subfield code="2">rvk</subfield>
   <subfield code="0">(DE-625)rvk/127923:</subfield>
  </datafield>
  <datafield tag="084" ind1=" " ind2=" ">
   <subfield code="a">LM 95170</subfield>
   <subfield code="2">rvk</subfield>
   <subfield code="0">(DE-625)rvk/101826:</subfield>
  </datafield>
  <datafield tag="084" ind1=" " ind2=" ">
   <subfield code="a">15.65</subfield>
   <subfield code="2">bkl</subfield>
  </datafield>
  <datafield tag="084" ind1=" " ind2=" ">
   <subfield code="a">21.39</subfield>
   <subfield code="2">bkl</subfield>
  </datafield>
  <datafield tag="245" ind1="1" ind2="4">
   <subfield code="a">Die Karikatur zwischen Republik und Zensur</subfield>
   <subfield code="b">Bildsatire in Frankreich 1830 bis 1880, eine Sprache des Widerstands?; [Beiträge und Kommentar zum internationalen und interdisziplinären Kolloquium über den satirischen Bildjournalismus im 19. Jahrhundert an der Universität Frankfurt, 24. - 27. Mai 1988]</subfield>
   <subfield code="c">Hrsg. und Red.: Raimund Rütten ... Unter Mitarb. von: Gerhard Landes ...</subfield>
  </datafield>
  <datafield tag="264" ind1=" " ind2="1">
   <subfield code="a">Marburg</subfield>
   <subfield code="b">Jonas-Verl.</subfield>
   <subfield code="c">1991</subfield>
  </datafield>
  <datafield tag="300" ind1=" " ind2=" ">
   <subfield code="a">502 S.</subfield>
   <subfield code="b">zahlr. Ill.</subfield>
  </datafield>
  <datafield tag="336" ind1=" " ind2=" ">
   <subfield code="a">Text</subfield>
   <subfield code="b">txt</subfield>
   <subfield code="2">rdacontent</subfield>
  </datafield>
  <datafield tag="337" ind1=" " ind2=" ">
   <subfield code="a">ohne Hilfsmittel zu benutzen</subfield>
   <subfield code="b">n</subfield>
   <subfield code="2">rdamedia</subfield>
  </datafield>
  <datafield tag="338" ind1=" " ind2=" ">
   <subfield code="a">Band</subfield>
   <subfield code="b">nc</subfield>
   <subfield code="2">rdacarrier</subfield>
  </datafield>
  <datafield tag="361" ind1="1" ind2=" ">
   <subfield code="5">DE-32</subfield>
   <subfield code="y">3910847315</subfield>
   <subfield code="s">318998 - B</subfield>
   <subfield code="o">Vorbesitz</subfield>
   <subfield code="a">Kaiser, Gerhard R.</subfield>
   <subfield code="0">(DE-588)122677153</subfield>
   <subfield code="0">(DE-627)08208596X</subfield>
   <subfield code="0">(DE-576)161635369</subfield>
   <subfield code="f">Exemplar: Donator</subfield>
  </datafield>
  <datafield tag="500" ind1=" " ind2=" ">
   <subfield code="a">Literaturverz. S. 495 - 502</subfield>
  </datafield>
  <datafield tag="561" ind1=" " ind2=" ">
   <subfield code="5">DE-32</subfield>
   <subfield code="3">Exemplarsatz-ID: 3910847315, Signatur: 318998 - B</subfield>
   <subfield code="a">Vorbesitz: Kaiser, Gerhard R. ; http://d-nb.info/gnd/122677153 / Exemplar: Donator</subfield>
  </datafield>
  <datafield tag="583" ind1="1" ind2=" ">
   <subfield code="a">Archivierung/Langzeitarchivierung gewährleistet</subfield>
   <subfield code="f">SSG</subfield>
   <subfield code="x">XA-DE-BW</subfield>
   <subfield code="2">pdager</subfield>
   <subfield code="5">DE-16</subfield>
  </datafield>
  <datafield tag="650" ind1="0" ind2="7">
   <subfield code="0">(DE-588)4029670-2</subfield>
   <subfield code="0">(DE-627)10627340X</subfield>
   <subfield code="0">(DE-576)208983570</subfield>
   <subfield code="a">Karikatur</subfield>
   <subfield code="2">gnd</subfield>
  </datafield>
  <datafield tag="650" ind1="0" ind2="7">
   <subfield code="0">(DE-588)4033229-9</subfield>
   <subfield code="0">(DE-627)104137800</subfield>
   <subfield code="0">(DE-576)209000694</subfield>
   <subfield code="a">Kritik</subfield>
   <subfield code="2">gnd</subfield>
  </datafield>
  <datafield tag="650" ind1="0" ind2="7">
   <subfield code="0">(DE-588)4049012-9</subfield>
   <subfield code="0">(DE-627)106188747</subfield>
   <subfield code="0">(DE-576)209080132</subfield>
   <subfield code="a">Regierung</subfield>
   <subfield code="2">gnd</subfield>
  </datafield>
  <datafield tag="650" ind1="0" ind2="7">
   <subfield code="0">(DE-588)4067601-8</subfield>
   <subfield code="0">(DE-627)104649526</subfield>
   <subfield code="0">(DE-576)209170409</subfield>
   <subfield code="a">Zensur</subfield>
   <subfield code="2">gnd</subfield>
  </datafield>
  <datafield tag="650" ind1="0" ind2="7">
   <subfield code="0">(DE-588)4020643-9</subfield>
   <subfield code="0">(DE-627)106317253</subfield>
   <subfield code="0">(DE-576)208934251</subfield>
   <subfield code="a">Gesellschaftskritik</subfield>
   <subfield code="2">gnd</subfield>
  </datafield>
  <datafield tag="650" ind1="0" ind2="7">
   <subfield code="0">(DE-588)4020517-4</subfield>
   <subfield code="0">(DE-627)106317768</subfield>
   <subfield code="0">(DE-576)208933697</subfield>
   <subfield code="a">Geschichte</subfield>
   <subfield code="2">gnd</subfield>
  </datafield>
  <datafield tag="650" ind1=" " ind2="4">
   <subfield code="a">Frankreich</subfield>
   <subfield code="x">Karikatur</subfield>
   <subfield code="x">Jahrhundert 19.</subfield>
   <subfield code="x">Kritik an der Regierung</subfield>
   <subfield code="x">Zensur</subfield>
   <subfield code="x">Gesellschaftskritik</subfield>
   <subfield code="x">Monarchie de juillet (France, 1830-1848)</subfield>
   <subfield code="x">Second Empire (France, 1852-1870)</subfield>
   <subfield code="x">Troisième République (France, 1870-1940)</subfield>
  </datafield>
  <datafield tag="650" ind1=" " ind2="4">
   <subfield code="a">Presse</subfield>
   <subfield code="x">Charivari</subfield>
   <subfield code="x">Satire</subfield>
   <subfield code="x">Ästhetik</subfield>
   <subfield code="x">Heine, Heinrich</subfield>
   <subfield code="x">Antisozialismus</subfield>
   <subfield code="x">Frauen</subfield>
   <subfield code="x">Feminismus</subfield>
   <subfield code="x">Napoléon (France, Empereur, III)</subfield>
   <subfield code="x">Deutsch-französischer Krieg (1870-1871)</subfield>
   <subfield code="x">Pariser Kommune (1871)</subfield>
  </datafield>
  <datafield tag="651" ind1=" " ind2="7">
   <subfield code="0">(DE-588)4018145-5</subfield>
   <subfield code="0">(DE-627)106327232</subfield>
   <subfield code="0">(DE-576)208922857</subfield>
   <subfield code="a">Frankreich</subfield>
   <subfield code="2">gnd</subfield>
  </datafield>
  <datafield tag="653" ind1=" " ind2="0">
   <subfield code="a">French wit and humor, Pictorial</subfield>
   <subfield code="a">Congresses</subfield>
  </datafield>
  <datafield tag="653" ind1=" " ind2="0">
   <subfield code="a">France</subfield>
   <subfield code="a">Social life and customs</subfield>
   <subfield code="a">19th century</subfield>
   <subfield code="a">Caricatures and cartoons</subfield>
   <subfield code="a">Congresses</subfield>
  </datafield>
  <datafield tag="655" ind1=" " ind2="7">
   <subfield code="a">Konferenzschrift</subfield>
   <subfield code="y">1988</subfield>
   <subfield code="z">Frankfurt</subfield>
   <subfield code="0">(DE-588)1071861417</subfield>
   <subfield code="0">(DE-627)826484824</subfield>
   <subfield code="0">(DE-576)433375485</subfield>
   <subfield code="2">gnd-content</subfield>
  </datafield>
  <datafield tag="689" ind1="0" ind2="0">
   <subfield code="d">g</subfield>
   <subfield code="0">(DE-588)4018145-5</subfield>
   <subfield code="0">(DE-627)106327232</subfield>
   <subfield code="0">(DE-576)208922857</subfield>
   <subfield code="a">Frankreich</subfield>
   <subfield code="2">gnd</subfield>
  </datafield>
  <datafield tag="689" ind1="0" ind2="1">
   <subfield code="d">s</subfield>
   <subfield code="0">(DE-588)4029670-2</subfield>
   <subfield code="0">(DE-627)10627340X</subfield>
   <subfield code="0">(DE-576)208983570</subfield>
   <subfield code="a">Karikatur</subfield>
   <subfield code="2">gnd</subfield>
  </datafield>
  <datafield tag="689" ind1="0" ind2="2">
   <subfield code="a">z</subfield>
   <subfield code="2">gnd</subfield>
   <subfield code="a">Geschichte 1830-1880</subfield>
  </datafield>
  <datafield tag="689" ind1="0" ind2=" ">
   <subfield code="5">DE-101</subfield>
  </datafield>
  <datafield tag="700" ind1="1" ind2=" ">
   <subfield code="a">Rütten, Raimund</subfield>
   <subfield code="e">Hrsg.</subfield>
   <subfield code="0">(DE-588)143632523</subfield>
   <subfield code="0">(DE-627)70455237X</subfield>
   <subfield code="0">(DE-576)162816529</subfield>
   <subfield code="4">edt</subfield>
  </datafield>
  <datafield tag="700" ind1="1" ind2=" ">
   <subfield code="a">Landes, Gerhard</subfield>
   <subfield code="4">oth</subfield>
  </datafield>
  <datafield tag="711" ind1="2" ind2=" ">
   <subfield code="a">Internationales und Interdisziplinäres Kolloquium über den Satirischen Bildjournalismus im 19. Jahrhundert</subfield>
   <subfield code="d">1988</subfield>
   <subfield code="c">Frankfurt, Main</subfield>
   <subfield code="0">(DE-588)5066169-3</subfield>
   <subfield code="0">(DE-627)121204227</subfield>
   <subfield code="0">(DE-576)194010538</subfield>
   <subfield code="4">oth</subfield>
  </datafield>
  <datafield tag="787" ind1="0" ind2="8">
   <subfield code="i">Rezension</subfield>
   <subfield code="a">Gross, Friedrich, 1939 - </subfield>
   <subfield code="t">Schlaraffenland des Bilderkampfes</subfield>
   <subfield code="d">1993</subfield>
   <subfield code="w">(DE-627)1469410516</subfield>
   <subfield code="w">(DE-576)399410511</subfield>
  </datafield>
  <datafield tag="856" ind1="4" ind2="2">
   <subfield code="u">http://d-nb.info/920048765/04</subfield>
   <subfield code="m">V:DE-605</subfield>
   <subfield code="q">application/pdf</subfield>
   <subfield code="3">Inhaltsverzeichnis</subfield>
  </datafield>
  <datafield tag="889" ind1=" " ind2=" ">
   <subfield code="w">(DE-627)122431847</subfield>
  </datafield>
  <datafield tag="935" ind1=" " ind2=" ">
   <subfield code="i">mdedup</subfield>
  </datafield>
  <datafield tag="935" ind1=" " ind2=" ">
   <subfield code="i">Blocktest</subfield>
  </datafield>
  <datafield tag="936" ind1="r" ind2="v">
   <subfield code="a">LM 85420</subfield>
   <subfield code="b">Porträt, Karikatur</subfield>
   <subfield code="k">Kunstgeschichte</subfield>
   <subfield code="k">Kunst nach Ländern bzw. Kontinenten</subfield>
   <subfield code="k">Frankreich</subfield>
   <subfield code="k">Französische Kunstgeschichte nach Gattungen</subfield>
   <subfield code="k">Zeichnung und Grafik</subfield>
   <subfield code="k">Gegenstände der Zeichnung, Grafik (nicht statisch-ikonographischer Art)</subfield>
   <subfield code="k">Porträt, Karikatur</subfield>
   <subfield code="0">(DE-627)1271144840</subfield>
   <subfield code="0">(DE-625)rvk/101558:</subfield>
   <subfield code="0">(DE-576)201144840</subfield>
  </datafield>
  <datafield tag="936" ind1="r" ind2="v">
   <subfield code="a">NP 5620</subfield>
   <subfield code="b">Frankreich</subfield>
   <subfield code="k">Geschichte</subfield>
   <subfield code="k">Von der Restauration bis zum Ende des Ersten Weltkrieges (1815 - 1918)</subfield>
   <subfield code="k">Geschichte der auswärtigen Staaten (1815 - 1918)</subfield>
   <subfield code="k">Westeuropa</subfield>
   <subfield code="k">Frankreich</subfield>
   <subfield code="0">(DE-627)1270912488</subfield>
   <subfield code="0">(DE-625)rvk/127923:</subfield>
   <subfield code="0">(DE-576)200912488</subfield>
  </datafield>
  <datafield tag="936" ind1="r" ind2="v">
   <subfield code="a">LM 95170</subfield>
   <subfield code="b">19. und 20. Jahrhundert</subfield>
   <subfield code="k">Kunstgeschichte</subfield>
   <subfield code="k">Kunst nach Ländern bzw. Kontinenten</subfield>
   <subfield code="k">Frankreich</subfield>
   <subfield code="k">Französische Kunstgeschichte nach Gattungen</subfield>
   <subfield code="k">Porträt, Karikatur (mehrere Gattungen übergreifend)</subfield>
   <subfield code="k">einzelne Epochen</subfield>
   <subfield code="k">19. und 20. Jahrhundert</subfield>
   <subfield code="0">(DE-627)1270918311</subfield>
   <subfield code="0">(DE-625)rvk/101826:</subfield>
   <subfield code="0">(DE-576)200918311</subfield>
  </datafield>
  <datafield tag="936" ind1="b" ind2="k">
   <subfield code="a">15.65</subfield>
   <subfield code="j">Frankreich</subfield>
   <subfield code="x">Geschichte</subfield>
   <subfield code="0">(DE-627)181571641</subfield>
  </datafield>
  <datafield tag="936" ind1="b" ind2="k">
   <subfield code="a">21.39</subfield>
   <subfield code="j">Graphik: Sonstiges</subfield>
   <subfield code="0">(DE-627)106415727</subfield>
  </datafield>
  <datafield tag="936" ind1="f" ind2="i">
   <subfield code="0">(DE-627)1756131651</subfield>
   <subfield code="a">RA04.06</subfield>
   <subfield code="b">Frankreich</subfield>
   <subfield code="k">Europa</subfield>
   <subfield code="k">Westeuropa</subfield>
   <subfield code="k">Frankreich</subfield>
   <subfield code="2">fivr</subfield>
  </datafield>
  <datafield tag="936" ind1="f" ind2="i">
   <subfield code="0">(DE-627)1756135258</subfield>
   <subfield code="a">SA02</subfield>
   <subfield code="b">Geschichte</subfield>
   <subfield code="k">Allgemeine Literatur</subfield>
   <subfield code="k">Geschichte</subfield>
   <subfield code="2">fivs</subfield>
  </datafield>
  <datafield tag="936" ind1="f" ind2="i">
   <subfield code="a">ZGF620</subfield>
   <subfield code="b">Geschichte: Politik</subfield>
   <subfield code="k">Geschichte: Politik</subfield>
   <subfield code="q">DE-Lg3</subfield>
   <subfield code="2">fivw</subfield>
  </datafield>
  <datafield tag="951" ind1=" " ind2=" ">
   <subfield code="a">BO</subfield>
  </datafield>
  <datafield tag="990" ind1=" " ind2=" ">
   <subfield code="a">Frankreich</subfield>
  </datafield>
  <datafield tag="990" ind1=" " ind2=" ">
   <subfield code="a">Karikatur</subfield>
  </datafield>
  <datafield tag="990" ind1=" " ind2=" ">
   <subfield code="a">Geschichte 1830-1880</subfield>
  </datafield>
  <datafield tag="991" ind1=" " ind2=" ">
   <subfield code="a">Rezensiertes Werk</subfield>
  </datafield>
  <datafield tag="999" ind1=" " ind2=" ">
   <subfield code="a">KXP-PPN276968220</subfield>
   <subfield code="e">4001629135</subfield>
  </datafield>
 </record>
</collection>
